| 000 | 00455nam a2200193Ia 4500 | ||
|---|---|---|---|
| 005 | 20240823014301.0 | ||
| 008 | 240823s9999||||xx |||||||||||||| ||und|| | ||
| 020 | _a81-7409-031-2 | ||
| 041 | _aENGLISH | ||
| 082 | _A621.402 P5 | ||
| 100 | _aBallaney P L | ||
| 245 | 0 | _aThermal Engineering | |
| 250 | _a24th | ||
| 260 |
_c2005 _b"Khanna," |
||
| 500 | _aTRANSFERED | ||
| 650 |
_aThermal _bAeronautical Engineering |
||
| 942 | _cBK | ||
| 999 |
_c169641 _d169641 |
||